000 00771nam a22002417a 4500
005 20260402113942.0
008 260402b |||||||| |||| 00| 0 eng d
020 _a9788126562961
040 _cAL
041 _aEnglish
082 _a512.5
_bANTE
100 _aHoward Anton
_9260123
245 _aElementary linear algebra
_b: with supplemental applications
250 _a11.
260 _aNew Delhi
_bWiley India Pvt Ltd
_c2015
300 _axiii,769p.
_bPB
_c25x20.5
365 _aVBI-2645
_b₹899.25
_c
_d₹1199.00
_e25%
_f20-02-2026
650 _aSystems of linear equations and matrices
_9260118
650 _aEuclidean vector spaces
_9260119
650 _aDiagonalization and quadratic forms
_9260120
700 _aRorres, Chris
_9260121
942 _2ddc
_cBK
999 _c241118
_d241118